LEADER 00933nam0-22003371i-450- 001 990000035890403321 035 $a000003589 035 $aFED01000003589 035 $a(Aleph)000003589FED01 035 $a000003589 100 $a20011111d--------km-y0itay50------ba 101 0 $aita 105 $ay-------001yy 200 1 $aDesign for strenght and production$fC. Ruiz , F. Koenigsberger. 210 $aLondon$cMcMillan$d1970 215 $aX, 270 p.$cill.$d23 cm 610 0 $aDisegno per sollecitazione 676 $a620.112 700 1$aRuiz,$bC. 702 1$aKoenigsberger,$bFranz 801 0$aIT$bUNINA$gRICA$2UNIMARC 901 $aBK 912 $a990000035890403321 952 $a13 C 32 23$b29960$fFINBC 952 $a13 C 43 27$b29963$fFINBC 952 $a13 C 32 19$b29961$fFINBC 952 $a13 C 32 18$b29962$fFINBC 952 $a13 X 75$b33630$fFINBC 959 $aFINBC 997 $aUNINA DB $aING01 LEADER 02660nam 22005534a 450 001 9910830168303321 005 20230617002951.0 010 $a1-280-23874-7 010 $a9786610238743 010 $a0-470-03014-3 010 $a0-470-85834-6 035 $a(CKB)1000000000356080 035 $a(EBL)239021 035 $a(OCoLC)475950065 035 $a(SSID)ssj0000111896 035 $a(PQKBManifestationID)11143327 035 $a(PQKBTitleCode)TC0000111896 035 $a(PQKBWorkID)10080371 035 $a(PQKB)11371388 035 $a(MiAaPQ)EBC239021 035 $a(EXLCZ)991000000000356080 100 $a20040719d2004 uy 0 101 0 $aeng 135 $aur|n|---||||| 181 $ctxt 182 $cc 183 $acr 200 10$aBioinformatics software engineering$b[electronic resource] $edelivering effective applications /$fPaul Weston 210 $aChichester, West Sussex, England ;$aHoboken, NJ $cJohn Wiley & Sons Ltd.$dc2004 215 $a1 online resource (141 p.) 300 $aIncludes index. 311 $a0-470-85772-2 327 $aWhat you need to know -- What is software engineering? -- Project definition -- Requirements capture -- Separating function, interface, and implementation -- Implementation considerations -- Proof of concept, prototyping, and buy-in -- Data in, data out, and data transformation -- Where to start? -- Functional, then optimized -- Coding style -- Writing the friendly manual -- Testing - what and when -- Rollout and delivery -- Support and feedback -- Planned and unplanned enhancements -- Project signoff. 330 $aBioinformatics Software Engineering: Delivering Effective Applications will be useful to anyone who wants to understand how successful software can be developed in a rapidly changing environment. A handbook, not a textbook, it is not tied to any particular operating system, platform, language, or methodology. Instead it focuses on principles and practices that have been proven in the real world. It is pragmatic, emphasizing the importance of what the author calls Adaptive Programming - doing what works in your situation, and it is concise, covering the whole software development lifec 606 $aBioinformatics 606 $aSoftware engineering 615 0$aBioinformatics. 615 0$aSoftware engineering. 676 $a005.102457 676 $a570.285 676 $a572.8/0285 700 $aWeston$b Paul$cHGMP.$01611289 801 0$bMiAaPQ 801 1$bMiAaPQ 801 2$bMiAaPQ 906 $aBOOK 912 $a9910830168303321 996 $aBioinformatics software engineering$93939481 997 $aUNINA